000 00344nam a2200157Ia 4500
003 OSt
005 20240203114241.0
008 170523s9999 xx 000 0 und d
020 _a978-9353067229
040 _cIIMT UNIVERSITY
100 _aROBBINS- SP
245 0 _aMANAGEMENT
260 _bNEW DELHI PHI
260 _c2000
942 _2ddc
_c01
999 _c926
_d926